NFL Green Bay Packers 2021-2022 Active Roster - Statistics

General Stats
  • This quiz has been taken 134 times
    112 since last reset
  • The average score is 32 of 63
Answer Stats
Hint Answer % Correct
RB Aaron Jones
100%
QB Aaron Rodgers
100%
WR Davante Adams
98%
RB AJ Dillon
96%
WR Amari Rodgers
96%
QB Jordan Love
96%
WR Allen Lazard
93%
CB Jaire Alexander
90%
TE Robert Tonyan
88%
OLB Preston Smith
84%
OLB ZaDarius Smith
84%
WR Randall Cobb
82%
DT Kenny Clark
77%
Head Coach Matt LaFleur
77%
K Mason Crosby
76%
TE Marcedes Lewis
74%
T David Bakhtiari
71%
OLB Rashan Gary
69%
SS Adrian Amos
68%
FS Darnell Savage
64%
ILB DeVondre Campbell
63%
G Elgton Jenkins
63%
CB Eric Stokes
63%
CB Kevin King
61%
WR Marques Valdez-Scantling
60%
CB Rasul Douglas
56%
WR Equanimeous St Brown
51%
C Josh Myers
47%
WR Malik Taylor
47%
RB Patrick Taylor
47%
DE Dean Lowry
45%
TE Josiah Deguara
44%
Offensive Cord Nathaniel Hackett
44%
RB Kylin Hill
43%
Defensive Cord Joe Barry
41%
T Billy Turner
40%
G Jon Runyan Jr
39%
T Yosh Nijman
39%
ILB Krys Barnes
36%
SS Vernon Scott
35%
TE Tyler Davis
33%
G Royce Newman
32%
DT Tedarrell Slaton
31%
DE Tyler Lancaster
31%
FS Henry Black
30%
TE Dominique Dafney
28%
G Lucas Patrick
28%
CB Chandon Sullivan
27%
P Corey Bojorquez
27%
ILB Ty Summers
27%
CB Shemar Jean-Charles
26%
ILB Isaiah Mcduffie
25%
WR Juwann Winfree
25%
Special Teams Cord Maurice Drayton
25%
OLB Jonathan Garvin
23%
C Jake Hanson
21%
ILB Oren Burks
21%
T Dennis Kelly
20%
OLB Whitney Mercilus
17%
OLB Tipa Galeai
16%
LS Steven Wirtel
15%
OLB Randy Ramsey
11%
OLB Chauncey Rivers
10%
No matching quizzes found
Score Distribution
Percent of People with Each Score
Percentile by Number Answered
Your Score History
You have not taken this quiz since the last reset